| Поле | Название | Значение |
| |
Тип записи |
a |
| |
Библиографический уровень |
m |
| 001 |
Контрольный номер |
RU/IS/BASE/399659181 |
| 005 |
Дата корректировки |
20251003164102.6 |
| 010 |
Индекс ISBN |
__ |
| d |
Цена |
50-00 |
| 101 |
Язык документа |
0_ |
| a |
Язык текста |
rus |
| 200 |
Заглавие и сведения об ответственности |
1_ |
| a |
Заглавие |
Историко-культурный центр "Старый Сургут" |
| f |
Первые сведения об ответственности |
[текст А. Давыдова ; фото Н. Павлова] |
| b |
Общее обозначение материала |
Текст |
| 210 |
Выходные данные |
1_ |
| a |
Место издания |
[Сургут] |
| c |
Издательство |
[б. и.] |
| d |
Дата издания |
[2004] |
| 215 |
Физическое описание |
__ |
| a |
Объем |
13 с. |
| c |
Иллюстрации/тип воспроизводства |
ил. |
| 300 |
Общие примечания |
__ |
| a |
Общие примечания |
Полнотекстовая версия доступна для зарегистрированных читателей в базе данных "Оцифрованные краеведческие издания" |
| 330 |
Аннотация |
__ |
| a |
Аннотация |
Комплекс представляет собой прообраз старого города, с улиц которого взяты копии домов ныне действующих на территории центра. В них располагаются экспозиции и выставки, творческие мастерские, просветительские центры и общественные объединения. |
| 601 |
Наименование организации как предмет |
12 |
| a |
Наименование организации как предмет |
Старый Сургут, историко-культурный центр |
| 606 |
Тематические рубрики |
__ |
| a |
Основная рубрика |
История |
| 606 |
Тематические рубрики |
__ |
| a |
Основная рубрика |
Россия с 1992 г. |
| 606 |
Тематические рубрики |
__ |
| a |
Основная рубрика |
История России в целом |
| y |
Географическая подрубрика |
ХМАО-Югра; Сургут |
| 610 |
Ключевые слова |
0_ |
| a |
Ключевые слова |
краеведение; историко-культурные центры; история городов; культурные центры; исторические центры; исторические выставки; исторические экспозиции; памятники культуры |
| 686 |
Индексы других классификаций |
__ |
| a |
Классификационный индекс |
К63.3(2Рос-6Хан-2Сургут)-7 |
| 702 |
Вторичная интеллектуальная ответственность |
_1 |
| a |
Фамилия |
Давыдова |
| b |
Имя |
А. |
| 4 |
Код отношения |
Автор текста |
| 4 |
Код отношения |
070 |
| 702 |
Вторичная интеллектуальная ответственность |
_1 |
| a |
Фамилия |
Павлова |
| b |
Имя |
Н. |
| 4 |
Код отношения |
Фотограф |
| 4 |
Код отношения |
600 |
| 801 |
Источник записи |
_0 |
| a |
Страна |
RU |
| b |
Организация |
Муниципальное бюджетное учреждение культуры "Централизованная библиотечная система" г. Сургут (Центральная городская библиотека им. А. С. Пушкина) |
| g |
Правила каталогизации |
КиК/Елгина |
| 801 |
Источник записи |
_1 |
| a |
Страна |
RU |
| b |
Организация |
Муниципальное бюджетное учреждение культуры "Централизованная библиотечная система" г. Сургут (Центральная городская библиотека им. А. С. Пушкина) |
| g |
Правила каталогизации |
КиК/Елгина |
| 852 |
Данные о местонахождении |
__ |
| j |
Шифр хранения |
К63.3(2Рос-6Хан-2Сургут)-7 |
| i |
Авторский знак |
И 90 |
| 901 |
Тип документа |
__ |
| t |
Тип документа |
m |
| 903 |
Характеристики (МАРС) |
__ |
| a |
Дата передачи |
20120830 |
| 969 |
Тип издания |
__ |
| a |
Тип издания |
буклет |
| 990 |
Данные о заказе (DOS) |
__ |
| j |
Количество экземпляров (DOS) |
1 |
| h |
N записи в КСУ для Б/У (DOS) |
201209 |